| 000 | 00347 a2200133 4500 | ||
|---|---|---|---|
| 005 | 20250716160902.0 | ||
| 020 | _a978-9966-25-038-4 | ||
| 082 | _a346 BRP | ||
| 111 | _aBR Professional Education | ||
| 245 | _aCPA Study Text Company Law | ||
| 260 |
_aNairobi, _bBR Professional Education Ltd., _c2012. |
||
| 300 |
_axvi,296p. _c30cm |
||
| 942 |
_2ddc _cBKS |
||
| 999 |
_c6751 _d6751 |
||